00503 2200169 4500245008800000020001800088250001100106100001600117650001700133005001900150260002900169041001400198084000800212300002700220500007700247336000900324 aPercaya Gak Percaya b : Kumpulan Fatka - fakta Ganjil dan LucucRW ServiatihText a979-794-028-4 aCet. 1 aRW Serviati aCerita Humor a20231005132810 aJakartabMediakitac2006 aIndonesia a813 aviii, 56 hlm. :c19 cm adi tengah banyaknya urusan sehari-hari, banyak fakta yang kita lewatkan. atext